The Americas Geography By Letter A - Picture Quiz - Statistics

General Stats
  • This quiz has been taken 1,172 times
    909 since last reset
  • The average score is 12 of 18
Answer Stats
Picture Hint Answer % Correct
Alaska
96%
{Antigua} and Barbuda
95%
Amazon
94%
Argentina
94%
(U.S. state) Arizona
92%
{Arctic} Ocean
89%
Alcatraz
84%
{Angel} Falls
79%
Andes
78%
Alberta
70%
{Appalachian} Mountains
66%
Aruba
60%
Atlanta
53%
(city) Asuncion
51%
(resort town) Aspen
41%
Anguilla
36%
(city) Acapulco
34%
(river) Arkansas
33%
No matching quizzes found
Score Distribution
Percent of People with Each Score
Percentile by Number Answered
Your Score History
You have not taken this quiz since the last reset